000 00342nam a22001337a 4500
005 20170822175146.0
008 160601b xxu||||| |||| 00| 0 eng d
040 _dBSU
082 _222
_aR332.6 UGA
245 _aPrivate Sector Investment Survey 2011 Report
260 _aKamapala
_bUBOS
_c2012
300 _avi,16p.
_c26 cm
942 _2ddc
_cPER
999 _c10714
_d10714